000 00346nam a2200133Ia 4500
008 151001s9999||||xx |||||||||||||| ||und||
100 _aविभा रानी
245 _aबंद कमरे का कोरस
250 _a1
260 _bराधाकृष्ण
260 _c1995
300 _a136
365 _b18
999 _c977814
_d977811